Normal view MARC view
  • Computación

Entry Materia

Number of records used in: 21

001 - NÚMERO DE CONTROL DEL REGISTRO

  • campo de control: 2271

003 - IDENTIFICADOR DE NUMERO DE CONTROL

  • campo de control: UPN

005 - FECHA Y HORA DE LA ÚLTIMA TRANSACCIÓN

  • campo de control: 20221017121756.0

008 - DATOS DE LONGITUD FIJA

  • campo de control de longitud fija: nabaccnnaabn|||||||||| b |nc|||||d

035 ## - NÚMERO DE CONTROL DEL SISTEMA

  • Número de control del sistema: UPN10000002271

040 ## - FUENTE DE LA CATALOGACIÓN

  • Lengua de catalogación: SPA
  • Agencia de transcripción: UPN
  • Centro catalogador de origen: MX-MxUPN

046 ## - FECHAS CON CODIFICACIÓN ESPECIAL

  • Fecha final para contenidos agregados: 2022

150 ## - ENCABEZAMIENTO - TEMÁTICO

  • Término de materia o nombre geográfico como elemento inicial: Computación

450 ## - VÉASE - MATERIA

  • Encabezamiento temático: Ciencia de la computación

450 ## - VÉASE - MATERIA

  • Encabezamiento temático: Ciencias de la computación

670 ## - FUENTE EN LA QUE SE LOCALIZARON DATOS

  • Cita de la fuente: B4

680 ## - NOTA GENERAL CON DESPLIEGUE PÚBLICO

  • Texto explicativo: Usase para obras sobre computación electrónica, información, operación, aprendizaje y enseñanza

902 ## - CATALOGADOR

  • Catalogador: MMA/110702